000 00597nam a22002057a 4500
005 20251108164227.0
008 250721s1999 xx 000 0 ara d
020 _a9957050230
082 1 4 _a619/حمو
100 1 _aالحمود، محمد حسن
245 1 0 _aالحيوانات المختبرية /
264 1 _aعمان :
_bدار الضياء،
_c1999.
300 _a2ج.
650 1 7 _aحيوانات المختبر
650 1 7 _aالطب التجريبي
650 1 7 _aالأبحاث الطبية
650 1 7 _aالمختبرات الطبية
942 _2ddc
_cBK
999 _c6884
_d6884